000 00503nam a2200169Ia 4500
008 240729s9999 xx 000 0 und d
022 _a2410-972X
245 0 _aClean Air Journal
260 _aSouth Africa
260 _bNational Association for Clean Air
650 _a Environmental pollution | Science
650 _a Environmental technology. Sanitary engineering
650 _aTechnology
856 _uhttps://doaj.org/toc/e7288cfda21e4d8f8328bf9b5daf84b0
942 _2ddc
942 _cDOAJEJ
999 _c67450
_d67450
945 _a1
_bMadushi Gamage
_c1
_dMadushi Gamage